000 00432nam a2200169Ia 4500
008 230917s9999||||xx |||||||||||||| ||und||
020 _cRS895
040 _e232013
_aMAIN
041 _aEnglish
082 _a338.4791 A98T
100 _aAswal,Pawan
245 0 _aTourism development
260 _aJaipur
_bBaba Publication
_c2015
300 _a159 p.
500 _a2288 11/02/2016 HBD15/1719 01/03/2016 Main Budget
942 _cBK
999 _c18292
_d18292